| 000 | 00485nam a22001697a 4500 | ||
|---|---|---|---|
| 003 | BD-DhUL | ||
| 005 | 20170416142302.0 | ||
| 008 | 170306s2002 nyu||||| |||| 00| 0 eng | ||
| 040 |
_aBD-DhUL _cBD-DhUL |
||
| 082 |
_a341.37 _bUNS |
||
| 110 | 2 | _aUnited Nations | |
| 245 | 1 | 0 |
_aStatement of treaties and international agreements / _cUnited Nations |
| 260 |
_aNew York : _bUnited Nations, _c2002. |
||
| 300 |
_a141 p. ; _c28 cm. |
||
| 650 | 0 | _aInternational Law | |
| 942 |
_2ddc _cREF |
||
| 999 |
_c181189 _d181189 |
||